[Event "Polanica Zdroj op-C 58th"]
[Site "Polanica Zdroj"]
[Date "2022.08.21"]
[Round "9"]
[White "Fikus, Zygmunt"]
[Black "Wasylkiewicz, Andrzej"]
[Result "1-0"]
[WhiteElo "1891"]
[BlackElo "1691"]
[PlyCount "59"]
[EventDate "2022.08.13"]
[EventType "swiss"]
[EventRounds "9"]
[EventCountry "POL"]
[SourceTitle "CBM 210 Extra"]
[Source "ChessBase"]
[SourceDate "2022.11.30"]
[SourceVersion "1"]
[SourceVersionDate "2022.11.30"]
[SourceQuality "1"]

1. Nf3 d5 2. d4 f5 3. g3 Nf6 4. Bg2 e6 5. 0-0 c6 6. c4 Be7 7. Nc3 0-0 8. b3 Bd7 9. Ne5 Be8 10. f3 Bh5 11. Qc2 dxc4 12. Nxc4 Qxd4+ 13. Be3 Qd8 14. Rad1 Qc8 15. Bf2 Nbd7 16. Rd2 Qc7 17. e4 Bg6 18. Ne3 Bb4 19. exf5 Bxc3 20. Qxc3 exf5 21. Rfd1 Nb6 22. Bh3 f4 23. Ng4 Nfd7 24. Rxd7 Nxd7 25. Rxd7 Qxd7 26. Nh6+ gxh6 27. Bxd7 Bf7 28. Qe5 Bg6 29. Qc3 Bf7 30. Qe5 1-0

[Event "Rubinstein Memorial op-C 57th"]
[Site "Polanica Zdroj"]
[Date "2021.08.15"]
[Round "2"]
[White "Wasylkiewicz, Andrzej"]
[Black "Shilov, Sergej"]
[Result "0-1"]
[WhiteElo "1726"]
[BlackElo "2043"]
[PlyCount "70"]
[EventDate "2021.08.14"]
[EventType "swiss"]
[EventRounds "9"]
[EventCountry "POL"]
[SourceTitle "EXT 2023"]
[Source "ChessBase"]
[SourceDate "2022.10.05"]
[SourceVersion "1"]
[SourceVersionDate "2022.10.05"]
[SourceQuality "1"]

1. e4 d6 2. d4 g6 3. Nc3 Bg7 4. Be3 c6 5. Qd2 b5 6. Bd3 Nd7 7. Nge2 a6 8. Nd1 e5 9. c3 Bb7 10. f3 Ngf6 11. Bh6 Nxe4 12. Bxe4 Qh4+ 13. g3 Qxh6 14. f4 0-0 15. dxe5 Nc5 16. Bf3 dxe5 17. Qd6 e4 18. Qxc5 exf3 19. Nd4 Rfe8+ 20. Kf2 Bxd4+ 21. cxd4 Re2+ 22. Kxf3 Rae8 23. h4 f5 24. h5 Qg7 25. Nf2 Rc2 26. Nd3 Rxc5 27. dxc5 Qd4 28. Ne5 Qd5+ 29. Kf2 Qxc5+ 30. Kg2 Rxe5 31. fxe5 Qxe5 32. Rhe1 c5+ 33. Kh3 Qxb2 34. Re8+ Kf7 35. Rae1 Be4 0-1

[Event "Polanica Zdroj op-B 56th"]
[Site "Polanica Zdroj"]
[Date "2020.08.15"]
[Round "1"]
[White "Sulot, Zdzislaw"]
[Black "Wasylkiewicz, Andrzej"]
[Result "0-1"]
[WhiteElo "1380"]
[BlackElo "1785"]
[PlyCount "112"]
[EventDate "2020.08.15"]
[EventType "swiss"]
[EventRounds "9"]
[EventCountry "POL"]
[SourceTitle "CBM 198 Extra"]
[Source "ChessBase"]
[SourceDate "2020.11.30"]
[SourceVersion "1"]
[SourceVersionDate "2020.11.30"]
[SourceQuality "1"]

1. e4 d5 2. exd5 Nf6 3. Bc4 Nxd5 4. Qf3 c6 5. a3 e6 6. d3 Bd6 7. Ne2 Qc7 8. Nd2 Nd7 9. g3 Ne5 10. Qg2 b5 11. Ba2 Bb7 12. 0-0 c5 13. Bxd5 exd5 14. f3 0-0 15. Qf2 f5 16. Nc3 a6 17. Ne2 d4 18. h3 Rae8 19. f4 Nd7 20. Kh2 Rf6 21. Nf3 Rfe6 22. Neg1 Nf6 23. Bd2 Nd5 24. Rae1 Ne3 25. Bxe3 dxe3 26. Qe2 h6 27. Nh4 Rf8 28. Ng2 Rfe8 29. Qh5 Qf7 30. Qxf7+ Kxf7 31. Re2 c4 32. Nf3 cxd3 33. cxd3 Bxf3 34. Rxf3 Bc5 35. Rf1 Rd6 36. Rc1 Bb6 37. Rc3 Re7 38. Ne1 g5 39. fxg5 hxg5 40. Kg2 f4 41. g4 Bd4 42. Rc8 Rh6 43. Rd8 Bf6 44. Rd5 Ke6 45. Rd8 Reh7 46. Ra8 Rxh3 47. Rxa6+ Kf7 48. Ra7+ Be7 49. Kg1 Rh1+ 50. Kg2 R7h2+ 51. Kf3 Rf1+ 52. Ke4 Rxe2 53. Nf3 Rxf3 54. Kxf3 Rxb2 55. Rb7 Rf2+ 56. Ke4 e2 0-1

[Event "Rubinstein Memorial-B 55th"]
[Site "Polanica Zdroj"]
[Date "2019.08.23"]
[Round "7"]
[White "Meizlin, Yaacov"]
[Black "Wasylkiewicz, Andrzej"]
[Result "1-0"]
[WhiteElo "2027"]
[BlackElo "1752"]
[PlyCount "73"]
[EventDate "2019.08.17"]
[EventType "swiss"]
[EventRounds "9"]
[EventCountry "POL"]
[SourceTitle "EXT 2020"]
[Source "ChessBase"]
[SourceDate "2019.10.17"]
[SourceVersion "1"]
[SourceVersionDate "2019.10.17"]
[SourceQuality "1"]

1. e4 d5 2. exd5 Nf6 3. d4 Bg4 4. f3 Bf5 5. Bb5+ Nbd7 6. c4 a6 7. Bxd7+ Qxd7 8. Nc3 e6 9. g4 Bg6 10. dxe6 fxe6 11. Qa4 c6 12. Be3 Be7 13. Nge2 0-0 14. 0-0 Qc7 15. Nf4 Bf7 16. Nd3 Bd6 17. Rf2 Rad8 18. c5 Be7 19. Ne5 Be8 20. Qc2 Nd7 21. f4 Nxe5 22. dxe5 Qa5 23. Qa4 Qxa4 24. Nxa4 Rd3 25. Re2 Bg6 26. Kf2 Be4 27. Rd2 g5 28. Rxd3 Bxd3 29. Kg3 gxf4+ 30. Bxf4 Bb5 31. Nb6 Bxc5 32. Nd7 Bf2+ 33. Kf3 Be2+ 34. Kxf2 Rxf4+ 35. Kxe2 Kg7 36. Nf6 Rc4 37. Kf3 1-0

[Event "Rubinstein Memorial-B 55th"]
[Site "Polanica Zdroj"]
[Date "2019.08.20"]
[Round "4"]
[White "Wasylkiewicz, Andrzej"]
[Black "Fainberg, Boris"]
[Result "1/2-1/2"]
[WhiteElo "1752"]
[BlackElo "2030"]
[PlyCount "110"]
[EventDate "2019.08.17"]
[EventType "swiss"]
[EventRounds "9"]
[EventCountry "POL"]
[SourceTitle "EXT 2020"]
[Source "ChessBase"]
[SourceDate "2019.10.17"]
[SourceVersion "1"]
[SourceVersionDate "2019.10.17"]
[SourceQuality "1"]

1. e4 c5 2. Nc3 Nc6 3. g3 g6 4. Bg2 Bg7 5. d3 d6 6. Be3 Rb8 7. Qd2 Nd4 8. Nd1 Nf6 9. f3 0-0 10. c3 Nc6 11. Ne2 b6 12. d4 cxd4 13. cxd4 Ba6 14. Ndc3 Qd7 15. a3 Na5 16. Qd1 d5 17. e5 Ne8 18. 0-0 e6 19. b3 Nc7 20. a4 Rfc8 21. Re1 Bf8 22. Bd2 Nc6 23. Be3 Nb4 24. Nf4 Ne8 25. Qd2 Rc6 26. Rec1 Rbc8 27. Bf1 Bxf1 28. Kxf1 Qb7 29. Nfe2 Qa6 30. Nb5 Rc2 31. Rxc2 Rxc2 32. Qd1 Qb7 33. Nbc3 Nc7 34. Bd2 Qa6 35. Nb5 Nxb5 36. axb5 Qxb5 37. Bxb4 Rxe2 38. Qxe2 Qxb4 39. Qd3 a5 40. Ra4 Qe7 41. f4 Qc7 42. Ra1 Bb4 43. g4 Qc6 44. h4 b5 45. h5 Bc3 46. Rc1 b4 47. f5 exf5 48. gxf5 gxf5 49. Qg3+ Kf8 50. Qg5 Qa6+ 51. Kg1 Qd3 52. Qd8+ Kg7 53. h6+ Kxh6 54. Qf8+ Kg6 55. Qg8+ Kh6 1/2-1/2

[Event "Rubinstein Memorial-C 53rd"]
[Site "Polanica Zdroj"]
[Date "2017.08.25"]
[Round "7"]
[White "Wasylkiewicz, Andrzej"]
[Black "Gromczak, Dariusz"]
[Result "1/2-1/2"]
[WhiteElo "1783"]
[BlackElo "1979"]
[PlyCount "64"]
[EventDate "2017.08.19"]
[EventType "swiss"]
[EventRounds "9"]
[EventCountry "POL"]
[SourceTitle "CBM 180 Extra"]
[Source "ChessBase"]
[SourceDate "2017.10.06"]
[SourceVersion "1"]
[SourceVersionDate "2017.10.06"]
[SourceQuality "1"]

1. e4 c5 2. Nc3 e6 3. Bc4 Nf6 4. Qf3 Nc6 5. d3 Nd4 6. Qd1 d5 7. Bb3 b5 8. exd5 exd5 9. Nge2 Nxb3 10. axb3 b4 11. Na4 d4 12. Bg5 Bd6 13. Bxf6 Qxf6 14. Nb6 Bb7 15. Nc4 Bxg2 16. Rg1 Bf3 17. Nxd6+ Qxd6 18. Rxg7 Kf8 19. Rg3 Qf6 20. Qd2 Rg8 21. Qf4 Qxf4 22. Nxf4 Rxg3 23. hxg3 a5 24. Kd2 Ke7 25. Nh3 h6 26. Nf4 Kf6 27. Ne2 Kf5 28. Ng1 Bc6 29. f3 h5 30. Ke2 Ke6 31. Kf2 Kd6 32. Nh3 Ke5 1/2-1/2

[Event "Rubinstein Memorial-C 53rd"]
[Site "Polanica Zdroj"]
[Date "2017.08.24"]
[Round "6"]
[White "Slabek, Grzegorz"]
[Black "Wasylkiewicz, Andrzej"]
[Result "1/2-1/2"]
[WhiteElo "2000"]
[BlackElo "1783"]
[PlyCount "128"]
[EventDate "2017.08.19"]
[EventType "swiss"]
[EventRounds "9"]
[EventCountry "POL"]
[SourceTitle "CBM 180 Extra"]
[Source "ChessBase"]
[SourceDate "2017.10.06"]
[SourceVersion "1"]
[SourceVersionDate "2017.10.06"]
[SourceQuality "1"]

1. Nf3 d5 2. d4 Nc6 3. g3 Bf5 4. Bg2 Qd7 5. h3 0-0-0 6. Bf4 e6 7. c3 h6 8. g4 Bxb1 9. Qxb1 g5 10. Ne5 Nxe5 11. Bxe5 f6 12. Bg3 Qf7 13. Bf3 Bd6 14. Bxd6 Rxd6 15. h4 Qg7 16. Qc2 Ne7 17. hxg5 hxg5 18. Rxh8+ Qxh8 19. 0-0-0 Qg7 20. Rh1 Ng6 21. Qa4 Rc6 22. e4 Nf4 23. exd5 exd5 24. Qc2 Re6 25. Qf5 c6 26. c4 Qg6 27. Rh8+ Kc7 28. Rh7+ Kb8 29. Qxg6 Nxg6 30. cxd5 cxd5 31. Bxd5 Re7 32. Rxe7 Nxe7 33. Be4 Kc7 34. Kd2 Nc8 35. Ke3 Nd6 36. Bd3 Kc6 37. Be4+ Kb5 38. Bd5 b6 39. f4 Kb4 40. fxg5 fxg5 41. Kd3 Kb5 42. Kc3 Ka5 43. Bc6 b5 44. b4+ Ka4 45. Bf3 Ka3 46. d5 Kxa2 47. Kd4 Nb7 48. Ke5 Kb3 49. d6 Nxd6 50. Kxd6 Kxb4 51. Ke5 Kc3 52. Kf5 b4 53. Kxg5 b3 54. Kf4 a5 55. g5 a4 56. g6 a3 57. g7 b2 58. Be4 a2 59. g8Q a1Q 60. Qc8+ Kb4 61. Qb7+ Ka5 62. Qd5+ Kb4 63. Qd2+ Kc5 64. Qd5+ Kb4 1/2-1/2

[Event "Polanica Zdroj op-C 52nd"]
[Site "Polanica Zdroj"]
[Date "2016.08.28"]
[Round "9"]
[White "Karp, Maciej"]
[Black "Wasylkiewicz, Andrzej"]
[Result "1/2-1/2"]
[WhiteElo "1578"]
[BlackElo "1811"]
[PlyCount "97"]
[EventDate "2016.08.20"]
[EventType "swiss"]
[EventRounds "9"]
[EventCountry "POL"]
[SourceTitle "CBM 174 Extra"]
[Source "ChessBase"]
[SourceDate "2016.10.10"]
[SourceVersion "1"]
[SourceVersionDate "2016.10.10"]
[SourceQuality "1"]

1. d4 f5 2. Nf3 Nf6 3. c4 e6 4. Nc3 d5 5. cxd5 exd5 6. Bf4 c6 7. e3 Bb4 8. Bd3 Ne4 9. Qc2 Qa5 10. Bxe4 fxe4 11. Ne5 0-0 12. a3 Nd7 13. 0-0 Bxc3 14. Qxc3 Qxc3 15. bxc3 Nxe5 16. Bxe5 Bg4 17. Rab1 b5 18. Rb2 h5 19. h3 Bd7 20. Kh2 Rf7 21. f4 exf3 22. Rxf3 Rxf3 23. gxf3 Rf8 24. Rg2 Rf7 25. h4 Bf5 26. Kg3 g6 27. Re2 Rb7 28. e4 dxe4 29. fxe4 Bg4 30. Rf2 Rf7 31. Rxf7 Kxf7 32. Kf4 Ke6 33. Bb8 a6 34. Ba7 Be2 35. Kg5 Kf7 36. d5 cxd5 37. exd5 Bd3 38. Bd4 Be4 39. d6 Ke6 40. Be5 Bf5 41. Bf4 a5 42. Bg3 Kd5 43. Kf6 Kc4 44. Be5 Kb3 45. Ke7 Kxa3 46. d7 Bxd7 47. Kxd7 Kb3 48. Kc6 a4 49. Kxb5 1/2-1/2

[Event "Polanica Zdroj op-C 52nd"]
[Site "Polanica Zdroj"]
[Date "2016.08.28"]
[Round "8"]
[White "Wasylkiewicz, Andrzej"]
[Black "Niedbala, Bartlomiej"]
[Result "1/2-1/2"]
[WhiteElo "1811"]
[BlackElo "1546"]
[PlyCount "110"]
[EventDate "2016.08.20"]
[EventType "swiss"]
[EventRounds "9"]
[EventCountry "POL"]
[SourceTitle "CBM 174 Extra"]
[Source "ChessBase"]
[SourceDate "2016.10.10"]
[SourceVersion "1"]
[SourceVersionDate "2016.10.10"]
[SourceQuality "1"]

1. e4 c6 2. d4 d5 3. e5 Bf5 4. g4 Bd7 5. Bd3 e6 6. c3 c5 7. Qc2 Nc6 8. Be3 cxd4 9. Bxd4 Rc8 10. Qe2 Nxd4 11. cxd4 Rc1+ 12. Kd2 Qc8 13. a3 a6 14. Ra2 g6 15. h4 Rc7 16. Nf3 Ne7 17. Nc3 Nc6 18. Raa1 Na5 19. Rab1 Bxa3 20. Na2 Nb3+ 21. Ke3 Be7 22. g5 b5 23. h5 Rf8 24. Kf4 Qb7 25. Kg4 a5 26. hxg6 hxg6 27. Rh7 Qb6 28. Qe3 a4 29. Rbh1 Kd8 30. Qf4 Be8 31. Rh8 Rxh8 32. Rxh8 Kd7 33. Nc3 Rc4 34. Bxc4 bxc4 35. Nxa4 Qa5 36. Nc3 Qb4 37. Qh2 Nc1 38. Qh7 Qxb2 39. Qg8 Qb8 40. Nb5 Bb4 41. Nd6 Bxd6 42. exd6 Nd3 43. Qf8 Qd8 44. Ne5+ Nxe5+ 45. dxe5 c3 46. Rh1 d4 47. Rc1 Kc6 48. Kf3 Kd5 49. Qh8 Qxg5 50. Qxe8 Qh5+ 51. Kg2 Qg5+ 52. Kf3 Qh5+ 53. Kg2 Qg5+ 54. Kh2 Qh5+ 55. Kg3 Qg5+ 1/2-1/2

[Event "Wroclaw op 9th"]
[Site "Wroclaw"]
[Date "2014.07.01"]
[Round "5"]
[White "Bieniek, Kazimierz"]
[Black "Wasylkiewicz, Andrzej"]
[Result "1/2-1/2"]
[WhiteElo "1636"]
[BlackElo "1785"]
[PlyCount "57"]
[EventDate "2014.06.29"]
[EventType "swiss"]
[EventRounds "9"]
[EventCountry "POL"]
[SourceTitle "EXT 2015"]
[Source "ChessBase"]
[SourceDate "2014.11.20"]
[SourceVersion "1"]
[SourceVersionDate "2014.11.20"]
[SourceQuality "1"]

1. e4 d5 2. exd5 Nf6 3. d4 Nxd5 4. c4 Nf6 5. Nc3 Bf5 6. h3 e6 7. Nf3 c6 8. Nh4 Bg6 9. Nxg6 hxg6 10. Be2 Na6 11. 0-0 Be7 12. Bf3 Nc7 13. Bf4 Bd6 14. Bg5 Qd7 15. Re1 Kf8 16. a3 Nh5 17. Qd2 Rb8 18. d5 cxd5 19. cxd5 e5 20. Ne4 f5 21. Nxd6 Qxd6 22. Be3 b6 23. Bg5 e4 24. Bxh5 Rxh5 25. Bf4 Qd7 26. Rac1 Rb7 27. Rxc7 Rxc7 28. Bxc7 Qxc7 29. d6 1/2-1/2

[Event "Wroclaw op 9th"]
[Site "Wroclaw"]
[Date "2014.06.29"]
[Round "3"]
[White "Kaczmarczyk, Jakub"]
[Black "Wasylkiewicz, Andrzej"]
[Result "1/2-1/2"]
[WhiteElo "1506"]
[BlackElo "1785"]
[PlyCount "35"]
[EventDate "2014.06.29"]
[EventType "swiss"]
[EventRounds "9"]
[EventCountry "POL"]
[SourceTitle "EXT 2015"]
[Source "ChessBase"]
[SourceDate "2014.11.20"]
[SourceVersion "1"]
[SourceVersionDate "2014.11.20"]
[SourceQuality "1"]

1. Nf3 d5 2. d4 Bf5 3. e3 Nf6 4. Bd3 Bg4 5. Nbd2 e6 6. c4 Nbd7 7. Qc2 c6 8. c5 Qc7 9. b4 a6 10. h3 Bh5 11. Bb2 Be7 12. 0-0 Bg6 13. Bxg6 hxg6 14. a4 Nh5 15. Ne5 g5 16. f4 gxf4 17. exf4 g6 18. Ndf3 1/2-1/2

[Event "POL-chT3 Dolnoslaskie 1314"]
[Site "Poland"]
[Date "2014.02.02"]
[Round "8.27"]
[White "Zych, Marek"]
[Black "Wasylkiewicz, Andrzej"]
[Result "1/2-1/2"]
[WhiteElo "2134"]
[BlackElo "1824"]
[PlyCount "104"]
[EventDate "2013.10.20"]
[EventType "team-tourn"]
[EventRounds "11"]
[EventCountry "POL"]
[SourceTitle "EXT 2018"]
[Source "ChessBase"]
[SourceDate "2017.10.13"]
[SourceVersion "1"]
[SourceVersionDate "2017.10.13"]
[SourceQuality "1"]
[WhiteTeam "Walbrzych WOK"]
[BlackTeam "Wolow WKSz"]
[WhiteTeamCountry "POL"]
[BlackTeamCountry "POL"]

1. Nf3 d5 2. c4 c6 3. b3 f6 4. d4 Bg4 5. Nbd2 Nd7 6. Bb2 e6 7. g3 Bb4 8. a3 Bd6 9. Bg2 Ne7 10. 0-0 0-0 11. h3 Bh5 12. e4 f5 13. exf5 exf5 14. Qe1 Nf6 15. Ng5 Qd7 16. c5 Bc7 17. Qe6+ Bf7 18. Qxd7 Nxd7 19. Ndf3 Ng6 20. Rfe1 h6 21. Ne6 Rfc8 22. Nxc7 Rxc7 23. Re2 Nf6 24. Ne5 Ne4 25. Nxg6 Bxg6 26. Kh2 Rf8 27. f3 Nf6 28. Bc1 Re8 29. Raa2 Rce7 30. Bf1 Kf7 31. Bf4 Bh7 32. Be5 g5 33. Kg2 Nh5 34. f4 Nf6 35. Bxf6 Rxe2+ 36. Rxe2 Rxe2+ 37. Bxe2 Kxf6 38. b4 Bg6 39. Kf2 Be8 40. Ke3 Bd7 41. fxg5+ hxg5 42. Bf1 Be8 43. a4 a6 44. Bg2 Bh5 45. b5 axb5 46. axb5 Ke6 47. b6 Be8 48. Bf1 Bd7 49. h4 Kf6 50. Kf3 Kg6 51. Bd3 Kh5 52. Bc2 Kh6 1/2-1/2

[Event "POL-chT3 Dolnoslaskie 1314"]
[Site "Poland"]
[Date "2014.01.19"]
[Round "7.3"]
[White "Wasylkiewicz, Andrzej"]
[Black "Gromczak, Dariusz"]
[Result "0-1"]
[WhiteElo "1824"]
[BlackElo "2038"]
[PlyCount "98"]
[EventDate "2013.10.20"]
[EventType "team-tourn"]
[EventRounds "11"]
[EventCountry "POL"]
[SourceTitle "EXT 2018"]
[Source "ChessBase"]
[SourceDate "2017.10.13"]
[SourceVersion "1"]
[SourceVersionDate "2017.10.13"]
[SourceQuality "1"]
[WhiteTeam "Wolow WKSz"]
[BlackTeam "Radkow Giecek"]
[WhiteTeamCountry "POL"]
[BlackTeamCountry "POL"]

1. e4 c5 2. Nc3 e6 3. g3 d5 4. d3 Nc6 5. Bg2 Nf6 6. Nh3 d4 7. Ne2 e5 8. f3 Bd6 9. 0-0 0-0 10. g4 h5 11. gxh5 Nxh5 12. Bg5 Be7 13. Bd2 f5 14. Ng3 Nxg3 15. hxg3 Qd6 16. Qe2 f4 17. g4 Be6 18. a3 b5 19. Kh2 a5 20. Rh1 a4 21. Bf1 c4 22. Qg2 Kf7 23. Kg1 Rh8 24. Nf2 Rh4 25. Be1 Rah8 26. Rxh4 Bxh4 27. Nh3 Be7 28. Rd1 c3 29. bxc3 Qxa3 30. cxd4 Nxd4 31. c3 Qb3 32. Rc1 Ba3 33. Ra1 Nc2 34. Rxa3 Nxa3 35. Ng5+ Ke7 36. Nxe6 Kxe6 37. g5 Nc2 38. Qg4+ Ke7 39. Bf2 Qe6 40. Bc5+ Kf7 41. Qg2 Ne3 42. Bxe3 fxe3 43. Qb2 Rh5 44. Qxb5 Rxg5+ 45. Kh2 Qh6+ 46. Bh3 Qh4 47. Qd7+ Kg6 48. Qe6+ Kh7 49. Kh1 Qe1+ 0-1

[Event "Wroclaw op-A 8th"]
[Site "Wroclaw"]
[Date "2013.07.06"]
[Round "6"]
[White "Wasylkiewicz, Andrzej"]
[Black "Dadello, Aleksandra"]
[Result "1-0"]
[WhiteElo "1827"]
[BlackElo "1843"]
[PlyCount "67"]
[EventDate "2013.07.01"]
[EventType "swiss"]
[EventRounds "9"]
[EventCountry "POL"]
[SourceTitle "CBM 155 Extra"]
[Source "ChessBase"]
[SourceDate "2013.08.26"]
[SourceVersion "1"]
[SourceVersionDate "2013.08.26"]
[SourceQuality "1"]

1. e4 e6 2. Qe2 c5 3. Nc3 Nc6 4. Nf3 g6 5. d3 Bg7 6. Be3 d6 7. Qd2 e5 8. Be2 Nge7 9. Bh6 Bxh6 10. Qxh6 Nd4 11. Rc1 Qb6 12. Nd1 Be6 13. a3 f5 14. Nxd4 cxd4 15. Qg7 Rf8 16. Qxh7 Rc8 17. Qh6 d5 18. exf5 gxf5 19. 0-0 f4 20. Bf3 Kd7 21. Re1 Nc6 22. c4 dxc4 23. Bxc6+ Qxc6 24. Qg7+ Rf7 25. Qxe5 Rg8 26. Qxd4+ Kc8 27. g3 fxg3 28. fxg3 Rf3 29. Qe4 Bd5 30. Qxf3 Bxf3 31. Rxc4 Rd8 32. Rxc6+ Bxc6 33. Nf2 Bb5 34. Rd1 1-0

[Event "Wroclaw op-A 8th"]
[Site "Wroclaw"]
[Date "2013.07.04"]
[Round "4"]
[White "Wasylkiewicz, Andrzej"]
[Black "Piotrowski, Przemyslaw"]
[Result "0-1"]
[WhiteElo "1827"]
[BlackElo "2036"]
[PlyCount "104"]
[EventDate "2013.07.01"]
[EventType "swiss"]
[EventRounds "9"]
[EventCountry "POL"]
[SourceTitle "CBM 155 Extra"]
[Source "ChessBase"]
[SourceDate "2013.08.26"]
[SourceVersion "1"]
[SourceVersionDate "2013.08.26"]
[SourceQuality "1"]

1. e4 c5 2. Nc3 d6 3. g3 Nc6 4. Bg2 g6 5. d3 Bg7 6. Be3 e6 7. Qd2 Nd4 8. Rc1 h5 9. h4 Ne7 10. Nd1 e5 11. c3 Ne6 12. Ne2 f5 13. Bg5 0-0 14. exf5 Nxg5 15. Qxg5 Rxf5 16. Qd2 d5 17. 0-0 Rf8 18. Ne3 Bh6 19. d4 cxd4 20. cxd4 e4 21. Qb4 b6 22. Rc2 Ba6 23. Re1 Bxe3 24. fxe3 Bxe2 25. Rexe2 Nf5 26. Rc6 Qe8 27. Qc3 Nxg3 28. Rc2 Nf5 29. Qe1 Rd8 30. Bh3 Kh7 31. Kh2 Rd7 32. Qg1 Qb8+ 33. Kh1 Ng3+ 34. Kg2 Rdf7 35. Qh2 Nf1 36. Qxb8 Nxe3+ 37. Kg1 Rxb8 38. Re2 Nf5 39. Bxf5 gxf5 40. Rd6 Rg8+ 41. Rg2 Rxg2+ 42. Kxg2 f4 43. Rxd5 f3+ 44. Kf1 Kg6 45. Re5 Rf4 46. d5 Rxh4 47. d6 Rh1+ 48. Kf2 Rh2+ 49. Ke1 Re2+ 50. Kd1 Re3 51. Re8 f2 52. Rf8 Rf3 0-1

[Event "Polanica Zdroj op-B 48th"]
[Site "Polanica Zdroj"]
[Date "2012.08.20"]
[Round "3"]
[White "Mc Aleenan, Charles"]
[Black "Wasylkiewicz, Andrzej"]
[Result "1-0"]
[WhiteElo "1806"]
[BlackElo "1902"]
[PlyCount "53"]
[EventDate "2012.08.18"]
[EventType "swiss"]
[EventRounds "9"]
[EventCountry "POL"]
[SourceTitle "EXT 2014"]
[Source "ChessBase"]
[SourceDate "2013.11.20"]
[SourceVersion "1"]
[SourceVersionDate "2013.11.20"]
[SourceQuality "1"]

1. d3 d5 2. c3 e5 3. Nf3 Nc6 4. Nbd2 Nf6 5. e4 Bg4 6. Be2 Qd6 7. Qc2 Rd8 8. 0-0 Be7 9. b4 d4 10. b5 Bxf3 11. Nxf3 Nb8 12. cxd4 Nbd7 13. Bb2 exd4 14. Bxd4 Ng4 15. Rfc1 Nxh2 16. Nxh2 Qxd4 17. Nf3 Qb6 18. Qxc7 Qxb5 19. Rab1 Qa6 20. Rc2 b6 21. d4 Qa5 22. Bb5 a6 23. Bc6 Qa3 24. Ne5 Bd6 25. Bxd7+ Ke7 26. Nc6+ Kf6 27. e5+ 1-0

[Event "Polanica Zdroj op-B 48th"]
[Site "Polanica Zdroj"]
[Date "2012.08.18"]
[Round "1"]
[White "Panas, Pawel"]
[Black "Wasylkiewicz, Andrzej"]
[Result "1-0"]
[WhiteElo "2175"]
[BlackElo "1902"]
[PlyCount "133"]
[EventDate "2012.08.18"]
[EventType "swiss"]
[EventRounds "9"]
[EventCountry "POL"]
[SourceTitle "EXT 2014"]
[Source "ChessBase"]
[SourceDate "2013.11.20"]
[SourceVersion "1"]
[SourceVersionDate "2013.11.20"]
[SourceQuality "1"]

1. Nf3 Nc6 2. c4 e5 3. Nc3 d6 4. g3 Be6 5. d3 Be7 6. Bg2 Qd7 7. Nd5 Bd8 8. h3 f6 9. e4 Nge7 10. Be3 0-0 11. g4 Ng6 12. 0-0 Nce7 13. d4 b6 14. Qe2 c5 15. dxc5 dxc5 16. Rfd1 Qb7 17. Ne1 Nc6 18. Nd3 Nd4 19. Bxd4 cxd4 20. f4 Bf7 21. g5 Rc8 22. f5 Bxd5 23. fxg6 Bxc4 24. gxh7+ Kh8 25. g6 Qa6 26. Bf1 Be7 27. Rdc1 Bxd3 28. Qxd3 Qxd3 29. Bxd3 a5 30. Kg2 Rc5 31. Rxc5 bxc5 32. b3 Ra8 33. Rb1 Rb8 34. Rc1 Rc8 35. Kf3 Rb8 36. Kg4 Rc8 37. Kf5 Rc6 38. Rc4 Bd8 39. h4 Be7 40. h5 Bd8 41. Rc2 Be7 42. Rc1 Rb6 43. Rh1 Bf8 44. Bc4 Rd6 45. Rh3 Rb6 46. Rh1 Rd6 47. Rd1 Rb6 48. Bd5 Rd6 49. Rc1 Rb6 50. Be6 Rb4 51. Bc4 Rb6 52. Bd3 Be7 53. Rc4 Rc6 54. a3 Bd8 55. b4 axb4 56. axb4 Be7 57. b5 Rc8 58. b6 Bd8 59. b7 Rb8 60. Rxc5 Rxb7 61. Rc8 Rb8 62. Ba6 Rxc8 63. Bxc8 Ba5 64. h6 Bd8 65. Ke6 d3 66. Kf7 gxh6 67. g7+ 1-0

[Event "Wroclaw op-A 7th"]
[Site "Wroclaw"]
[Date "2012.07.10"]
[Round "9"]
[White "Wasylkiewicz, Andrzej"]
[Black "Wisniewski, Michal"]
[Result "0-1"]
[WhiteElo "1907"]
[BlackElo "1854"]
[PlyCount "86"]
[EventDate "2012.07.02"]
[EventType "swiss"]
[EventRounds "9"]
[EventCountry "POL"]
[SourceTitle "CBM 149 Extra"]
[Source "ChessBase"]
[SourceDate "2012.08.24"]
[SourceVersion "1"]
[SourceVersionDate "2012.08.24"]
[SourceQuality "1"]

1. e4 c5 2. Nc3 a6 3. g3 b5 4. Bg2 Bb7 5. d3 e6 6. Qe2 Be7 7. f4 d5 8. Nf3 b4 9. Nd1 Qb6 10. Nf2 h5 11. 0-0 Nc6 12. exd5 exd5 13. Re1 Nf6 14. Ne5 0-0 15. c3 a5 16. Bd2 Rfe8 17. Qf3 Bd6 18. Nxc6 Bxc6 19. f5 Qc7 20. Bg5 Be5 21. Rac1 Qb7 22. Bxf6 Bxf6 23. Rxe8+ Rxe8 24. c4 b3 25. axb3 Bxb2 26. Rb1 Qxb3 27. cxd5 Bd7 28. f6 Qc2 29. Rf1 Bxf6 30. Qxh5 Bd4 31. Be4 Rxe4 32. dxe4 Bb5 33. Qf5 Bxf1 34. Qc8+ Kh7 35. Qf5+ Kh6 36. Kxf1 Qxf2+ 37. Qxf2 Bxf2 38. d6 Bd4 39. Ke2 a4 40. d7 Bf6 41. Kd3 a3 42. e5 Bd8 43. Kc3 c4 0-1

[Event "Wroclaw op-A 7th"]
[Site "Wroclaw"]
[Date "2012.07.09"]
[Round "8"]
[White "Czyz, Artur"]
[Black "Wasylkiewicz, Andrzej"]
[Result "0-1"]
[WhiteElo "2062"]
[BlackElo "1907"]
[PlyCount "108"]
[EventDate "2012.07.02"]
[EventType "swiss"]
[EventRounds "9"]
[EventCountry "POL"]
[SourceTitle "CBM 149 Extra"]
[Source "ChessBase"]
[SourceDate "2012.08.24"]
[SourceVersion "1"]
[SourceVersionDate "2012.08.24"]
[SourceQuality "1"]

1. e4 d5 2. exd5 Nf6 3. c4 e6 4. d4 exd5 5. c5 Nc6 6. Nc3 a6 7. Bg5 Be7 8. Nf3 Bg4 9. Be2 0-0 10. 0-0 Re8 11. h3 Bh5 12. a3 a5 13. Bf4 h6 14. Nb5 Rc8 15. Nc3 Bg6 16. Qa4 Be4 17. Rfd1 Ra8 18. Nb5 Rc8 19. b4 axb4 20. axb4 Bf5 21. Nc3 Qd7 22. Bb5 Ne4 23. Nxe4 Bxe4 24. Ne5 Qf5 25. Nxc6 Bc2 26. Qxc2 Qxc2 27. Ne5 Red8 28. Bd3 Qb2 29. Rab1 Qa2 30. Rd2 Qa8 31. Bf5 Rb8 32. Nf3 b6 33. Bxc7 bxc5 34. Bxd8 Bxd8 35. dxc5 Be7 36. Rc2 g6 37. Bd7 Qa7 38. c6 Bd6 39. g3 Bxg3 40. b5 Bc7 41. Kg2 Kg7 42. Rbb2 Qb6 43. Rd2 Qc5 44. Rdc2 Qd6 45. Rb1 Rb6 46. h4 Qf4 47. Ra2 g5 48. hxg5 hxg5 49. Ra7 g4 50. Nd2 Bd6 51. Be6 Qxd2 52. Rxf7+ Kg6 53. c7 Bxc7 54. Rxc7 Rxe6 0-1